| 000 | 01748nam0a2200385 4500 | ||
|---|---|---|---|
| 001 | RU\NLR\bibl\1188395 | ||
| 005 | 20260405150634.0 | ||
| 010 |
_a978-5-17-045240-8 _bАСТ |
||
| 010 |
_a978-5-271-17463-6 _94000 _bАстрель |
||
| 021 |
_aRU _b2007-89418 _94830 |
||
| 035 | _a(nilc)IZD\AST\2007\742943 | ||
| 035 | _a(NLR Aleph) 001174962 | ||
| 090 |
_a1621128 _c1621128 |
||
| 100 | _a20070925d2007 |||y0rusy50 ca | ||
| 101 | 0 | _arus | |
| 102 | _aRU | ||
| 105 | _aa z ||||| | ||
| 200 | 1 |
_aТонкие миры Альберта Виктора Вейника _eжизнь и смерть "Еретика" _fСтанислав Смирнов |
|
| 210 |
_aМосква _cАСТ _cАстрель _d2007 |
||
| 215 |
_a309, [1] с. _cил., портр. _d21 |
||
| 225 | 1 | _aПараллельная реальность | |
| 313 | _aСм. N записи 393515 | ||
| 600 | 1 |
_aВейник _bА.-В.И. _f1919 - 1996 _gАльберт-Виктор Иозефович _92290424 _3RU\NLR\auth\661371765 |
|
| 686 |
_a002 _aРелигия _2TCC-BG |
||
| 686 |
_a0131 _aТермодинамика. Синергетика _2TCC-BG |
||
| 686 | _aВ317.1д(2)Вейник | ||
| 700 | 1 |
_4070 _8rus _7ca _aСмирнов _bС. Г. _cбиолог, социолог, писатель _f1929- _gСтанислав Григорьевич _3RU\NLR\auth\7744934 _927874 |
|
| 702 | 1 |
_4570 _8rus _7ca _aВейник _bА. И. _f1919-1996 _gАльберт Иозефович _3RU\NLR\auth\7761923 _944853 |
|
| 801 | 0 |
_aRU _bЛИБНЕТ _c20070925 |
|
| 801 | 1 |
_aRU _bЦУНБ Москва _c20071005 _2rusmarc |
|
| 801 | 2 |
_aRU _bNLR _c20080214 _grcr |
|
| 830 | _aНа 5-й с. перс.: Вейник Альберт Иозефович | ||
| 942 | _cBOOK | ||
| 980 | _aNB | ||